000 00661nam a2200265Ia 4500
005 20260121171445.0
008 008 260114s9999 xx 000 0 eng d
020 _a9783030322816
037 _aEBOOK
040 _aCRL
040 _beng
040 _cCRL
041 _2eng
041 _aeng
084 _qCRL
100 _aIslem Rekik, Ehsan Adeli, Sang Hyun Park
_91076463
245 0 _aPredictive Intelligence in Medicine
260 _bSpringer
260 _bSpringer
260 _c2019
856 _uhttps://link.springer.com/openurl?genre=book&isbn=978-3-030-32281-6
942 _cEBOOK
999 _c1642193
_d1642193